Suburbs Of Lockyer Valley, Queensland - Statistics

General Stats
  • This quiz has been taken 6 times
  • The average score is 35 of 78
Answer Stats
Answer % Correct
Gatton
100%
Grantham
100%
Helidon
100%
Laidley
100%
Laidley Heights
100%
Laidley North
100%
Laidley South
100%
Plainland
100%
Regency Downs
100%
Withcott
100%
Brightview
67%
Flagstone Creek
67%
Forest Hill
67%
Glenore Grove
67%
Hatton Vale
67%
Helidon Spa
67%
Kensington Grove
67%
Mount Sylvia
67%
Mulgowie
67%
Postmans Ridge
67%
Summerholm
67%
Townson
67%
Adare
33%
Black Duck Creek
33%
Blenheim
33%
Buaraba South
33%
Caffey
33%
Carpendale
33%
Churchable
33%
College View
33%
Crowley Vale
33%
Derrymore
33%
East Haldon
33%
Egypt
33%
Fifteen Mile
33%
Glen Cairn
33%
Ingoldsby
33%
Iredale
33%
Junction View
33%
Kentville
33%
Laidley Creek West
33%
Lefthand Branch
33%
Lilydale
33%
Lockrose
33%
Lockyer
33%
Lockyer Waters
33%
Lower Tenthill
33%
Lynford
33%
Ma Ma Creek
33%
Morton Vale
33%
Mount Berryman
33%
Mount Whitestone
33%
Murphys Creek
33%
Placid Hills
33%
Ringwood
33%
Rockmount
33%
Rockside
33%
Ropeley
33%
Seventeen Mile
33%
Silver Ridge
33%
Spring Creek
33%
Stockyard
33%
Thornton
33%
Upper Flagstone
33%
Upper Lockyer
33%
Upper Tenthill
33%
Veradilla
33%
Vinegar Hill
33%
White Mountain
33%
Winwill
33%
Woodbine
33%
Woodlands
33%
Blanchview
0%
Fordsdale
0%
Lake Clarendon
0%
Lawes
0%
Preston
0%
West Haldon
0%
No matching quizzes found
Score Distribution
Percent of People with Each Score
Percentile by Number Answered
Your Score History
You have not taken this quiz